000 01106cam a2200313 i 4500
999 _c6261
_d6261
001 18773243
003 OSt
005 20190910094202.0
008 150905s2015 rh b 000 0 eng
010 _a 2014322772
020 _a9780797495401
040 _aDLC
_beng
_cDLC
_erda
_dDLC
042 _alcode
_apcc
043 _af-rh---
050 0 0 _aDT2996
_b.P67 2015
245 0 4 _aThe post 1980 Chimurengas explained /
_cedited by Richard Runyararo Mahomva and Simbarashe Moyo.
264 1 _bLAN Readers,
300 _a223 pages ;
_c20 cm
504 _aIncludes bibliographical references.
651 0 _aZimbabwe
_xPolitics and government
_y1980-
700 1 _aMahomva, Richard Runyararo,
_eeditor.
700 1 _aMoyo, Simbarashe,
_eeditor.
856 4 1 _3Table of contents only
_uhttps://www.loc.gov/catdir/toc/fy17pdf01/2014322772.html
906 _a7
_bcbc
_corigode
_d3
_encip
_f20
_gy-gencatlg
942 _2lcc
_cOS
_hDT2996.P67